000 00710nam a22002417a 4500
003 UA-OsUOA
001 68295
007 ta
008 20100415b un ||||| |||| 00| 0 ukr d
100 _aВрублевська В.
090 _a821.161.2
_bВ83
942 _cBK
040 _aUA-OsUOA
_bukr
_cUA-OsUOA
_dUA-OsUOA
245 _aШарітка з Рунгу
_bБіографічний роман про Ольгу Кобилянську
300 _a512 с.
955 _a2
041 _aukr
080 _a821.161.2
020 _a978-966-580-229-7
260 _aК.
_bВЦ "Академія"
_c2007
650 7 _a82 Література. Літературознавство
_2UDC
999 _c354532
_d354532